Estadística aplicada a la administración y a la economía (Registro nro. 673)

Detalles MARC
000 -LEADER
fixed length control field 01958 a2200241 4500
001 - CONTROL NUMBER
control field 16001
005 - DATE AND TIME OF LATEST TRANSACTION
control field 20260407155452.0
008 - FIXED-LENGTH DATA ELEMENTS--GENERAL INFORMATION
fixed length control field 260407a1993 arg spa d
003 - CONTROL NUMBER IDENTIFIER
control field AR-UNSa-BCEJYS
040 ## - CATALOGING SOURCE
Original cataloging agency AR-UNSa-BCEJYS
Language of cataloging spa
Transcribing agency AR-UNSa-BCEJYS
080 ## - UNIVERSAL DECIMAL CLASSIFICATION NUMBER
Universal Decimal Classification number 519.2
Common auxiliary subdivision Probabilidades y estadística matemática<br/>
020 ## - INTERNATIONAL STANDARD BOOK NUMBER
International Standard Book Number 968-422-787-6
100 1# - MAIN ENTRY--PERSONAL NAME
Personal name Díaz Mata, Alfredo
245 10 - TITLE STATEMENT
Title Estadística aplicada a la administración y a la economía
250 ## - EDITION STATEMENT
Edition statement 2a. ed.
264 #1 - PRODUCTION, PUBLICATION, DISTRIBUTION, MANUFACTURE, AND COPYRIGHT NOTICE
Place of production, publication, distribution, manufacture México :
Name of producer, publisher, distributor, manufacturer McGraw-Hill
Date of production, publication, distribution, manufacture, or copyright notice 1993
300 ## - PHYSICAL DESCRIPTION
Extent 520 p.
Dimensions 23 cm.
505 ## - FORMATTED CONTENTS NOTE
Formatted contents note 1. Análisis de datos de negocios - 2. Presentaciones estadísticas - 3. Descripción de datos de negocios: medidas de posición - 4. Descripción de datos de negocios: medidas de variabilidad - 5. Probabilidad - 6. Distribuciones de probabilidad para variables aleatorias discretas: binomial, hipergeométrica y poisson - 7. Distribuciones de probabilidad para variables aleatorias continuas: normal y exponencial - 8. Distribuciones de muestreo e intervalos de confianza para la medida - 9. Otros intervalos de confianza - 10. Pruebas de hipótesis sobre la medida de una población - 11. Otras pruebas de hipótesis - 12. La prueba de Ji-cuadrada - 13. Análisis de varianza - 14. Análisis de regresión y correlación lineal - 15. Regresión y correlación múltiple - 16. Análisis de series de tiempo y pronósticos de negocios - 17. Números índices para economía y negocios - 18. Análisis Bayesiano de decisión: tablas de pagos y arboles de decisión - 19. Análisis Bayesiano de decisión: el uso de información muestral - 20. Análisis Bayesiano de decisión: aplicación de la distribución normal - 21. Pruebas estadísticas no paramétricas
590 ## - LOCAL NOTE (RLIN)
Local note niveau_biblio:m niveau_hierar:0
700 1# - ADDED ENTRY--PERSONAL NAME
Personal name Kazmier, Leonard J.
856 41 - ELECTRONIC LOCATION AND ACCESS
Uniform Resource Identifier <a href="https://t0.gstatic.com/images?q=tbn:ANd9GcRb4GbEg1n-QTtbHe3tKW-S4iJc8Y1yVjkQqXhhFKzS3cWrr4W2">https://t0.gstatic.com/images?q=tbn:ANd9GcRb4GbEg1n-QTtbHe3tKW-S4iJc8Y1yVjkQqXhhFKzS3cWrr4W2</a>
Link text Imagen de portada
Electronic format type image/jpeg
942 ## - ADDED ENTRY ELEMENTS (KOHA)
Koha item type
Existencias
Withdrawn status Lost status Damaged status Not for loan Home library Current library Shelving location Date acquired Total checkouts Full call number Barcode Date last seen Price effective from Koha item type
        Biblioteca Prof. Eusebio Cleto del Rey Biblioteca Prof. Eusebio Cleto del Rey   07/04/2026   519.2 K11 2ed. L70021 07/04/2026 07/04/2026 Libro
        Biblioteca Prof. Eusebio Cleto del Rey Biblioteca Prof. Eusebio Cleto del Rey   07/04/2026   519.2 K11 2ed. L70022 07/04/2026 07/04/2026 Libro
        Biblioteca Prof. Eusebio Cleto del Rey Biblioteca Prof. Eusebio Cleto del Rey   07/04/2026   519.2 K11 2ed. L126993 07/04/2026 07/04/2026 Libro
        Biblioteca Prof. Eusebio Cleto del Rey Biblioteca Prof. Eusebio Cleto del Rey   07/04/2026   519.2 K11 2ed. L127640 07/04/2026 07/04/2026 Libro